La previsión familiar (Record no. 124914)

MARC details
000 -LEADER
campo de control de longitud fija 00868nam a2200205 i 4500
001 - NÚMERO DE CONTROL
campo de control 124914
003 - IDENTIFICADOR DE NÚMERO DE CONTROL
campo de control ES-MaACL
005 - FECHA Y HORA DE LA ÚLTIMA TRANSACCIÓN
campo de control 20230906192524.0
007 - CAMPO FIJO DE DESCRIPCIÓN FÍSICA--INFORMACIÓN GENERAL
campo de control de longitud fija t|
008 - DATOS DE LONGITUD FIJA--INFORMACIÓN GENERAL
campo de control de longitud fija 070424s1928 sp ||||1| spa d
100 1# - ENTRADA PRINCIPAL--NOMBRE DE PERSONA
Nombre de persona Posada, Carlos G. (
Fechas asociadas al nombre 1890-1948)
9 (RLIN) 93318
245 13 - MENCIÓN DEL TÍTULO
Título La previsión familiar
Resto del título : planteamiento del problema ante la segunda Asamblea de la Asociación Internacional de Política social, celebrada en Viena (Septiembre de 1927) /
Mención de responsabilidad, etc. por Carlos G. Posada.
260 ## - PUBLICACIÓN, DISTRIBUCIÓN, ETC.
Lugar de publicación, distribución, etc. Madrid :
Nombre del editor, distribuidor, etc. [s.n.],
Fecha de publicación, distribución, etc. 1928 (
Fabricante Sobrinos de Sucesora de M. Minuesa)
300 ## - DESCRIPCIÓN FÍSICA
Extensión 33 p. ;
Dimensiones 20 cm.
490 1# - MENCIÓN DE SERIE
Mención de serie Publicaciones del Instituto Nacional de Previsión ;
Designación de volumen o secuencia 202
500 ## - NOTA GENERAL
Nota general (Publicado en los números 75, 76 y 77 de los Anales)
830 0# - PUNTO DE ACCESO ADICIONAL DE SERIE-TÍTULO UNIFORME
Título uniforme Publicaciones del Instituto Nacional de Previsión ;
Designación de volumen o secuencia 202
9 (RLIN) 181151
852 ## - LOCALIZACIÓN
Ubicación ES-MaACL
Número de control de estantería C-12661(1)
Holdings
Estatus retirado Estado de pérdida Estado de daño No para préstamo Biblioteca de origen Biblioteca actual Ubicación en estantería Fecha de adquisición Fuente de adquisición Total de préstamos Signatura topográfica completa Código de barras Visto por última vez Precio de reemplazo Tipo de ítem Koha
        Biblioteca del Ateneo de Madrid Biblioteca del Ateneo de Madrid Sala Palomar 17/01/2008     C-12661(1) 1130145 23/02/2023 23/02/2023 Libro impreso